Đề thi tuyển sinh và hướng dẫn làm bài thi vào các trường Đại học, cao đẳng và trung học chuyên nghiệp Biên soạn theo chương trình cải cách giáo dục

Đã lưu trong:
书目详细资料
格式: 图书
出版: H. Giáo dục 1995
版:In lần thứ 3
主题:
标签: 添加标签
没有标签, 成为第一个标记此记录!
Thư viện lưu trữ: Trung tâm Học liệu Lê Vũ Hùng, Trường Đại học Đồng Tháp
LEADER 00892pam a22002298a 4500
001 00023242
005 20171026081022.0
008 110616s1995 ||||||Viesd
041 0 # |a Vie 
082 1 4 |a 807  |b Đ250TH 
245 0 0 |a Đề thi tuyển sinh và hướng dẫn làm bài thi vào các trường Đại học, cao đẳng và trung học chuyên nghiệp  |b Biên soạn theo chương trình cải cách giáo dục 
250 # # |a In lần thứ 3 
260 # # |a H.  |b Giáo dục  |c 1995 
300 # # |a 292 tr.  |c 21 cm. 
500 # # |a ĐTTS ghi: Bộ giáo dục và đào tạo 
650 # 4 |a Văn học 
650 # 4 |a Đề thi tuyển sinh 
653 # # |a Bài làm 
852 # # |b Kho đọc  |j KD.0009479 
852 # # |j KD.0009479 
910 0 # |a sang  |d 16/06/2011 
980 # # |a Trung tâm Học liệu Lê Vũ Hùng, Trường Đại học Đồng Tháp